| 000 | 00372nam a22001457a 4500 | ||
|---|---|---|---|
| 999 |
_c4794 _d4794 |
||
| 008 | 200901b ||||| |||| 00| 0 eng d | ||
| 082 | 0 | 0 |
_a344.04650262 _bH6779 |
| 110 |
_aH. M.S.O _9233 |
||
| 245 | 1 | 0 |
_aThe Factories act, 1937 _cby HMSO |
| 260 |
_aLondon _bH.M.S.O _c1937 |
||
| 300 | _aviii,142p. | ||
| 365 | _d10.00 | ||
| 650 | 0 | _aFactory Laws and Legislation | |
| 942 | _cBK | ||